banner-ar

LA PREPARATION DU PAIN DANS UN VILLAGE DU DELTA EGYPTIEN : PROVINCE DE CHARGIA / (Record no. 15574)

MARC details
000 -الفاتح
حقل البيانات ثابتة الطول 00573nam a2200205Ia 4500
008 - عناصر البيانات ثابتة الطول - معلومات عامة
حقل البيانات ثابتة الطول 140319s9999 xx 000 0 aFre d
040 ## - مصدر الفهرسة
وكالة الفهرسة الأصلية GCL /
وكالة النسخ GCL
082 04 - رقم تصنيف ديوى العشرى
رقم التصنيف CC
رقم المادة 644.7523
-- R P
100 1# - المدخل الرئيسى - إسم شخصى
الإسم الشخصى RIZQALLAH, FAWZYA
245 10 - بيان العنوان
العنوان LA PREPARATION DU PAIN DANS UN VILLAGE DU DELTA EGYPTIEN : PROVINCE DE CHARGIA /
بيان المسئوليه,etc RIZQALLAH, FAWZYA
700 1# - المدخل الاضافى - اسم شخصى
الإسم الشخصى RIZQALLAH, KAMAL
260 ## - PUBLICATION, DISTRIBUTION, ETC. (IMPRINT)
تاريخ النشر أو التوزيع 1978
300 ## - الوصف المادى
التعداد 52 P
650 04 - المدخل الاضافى بالموضوع-مصطلح موضوعى
مصطلح موضوعي COOKERY
650 04 - المدخل الاضافى بالموضوع-مصطلح موضوعى
مصطلح موضوعي ANCIENT EGYPT
650 04 - المدخل الاضافى بالموضوع-مصطلح موضوعى
مصطلح موضوعي FOOD TECHNOLOGY
650 04 - المدخل الاضافى بالموضوع-مصطلح موضوعى
مصطلح موضوعي BREADINDUSTRY
942 ## - عناصر المدخل الإضافي( كوها)
مصدر التصنيف او مخطط الترفيف Dewey Decimal Classification
Koha [default] item type كتاب
260 ## - PUBLICATION, DISTRIBUTION, ETC. (IMPRINT)
-- [S.N] :
-- IFAO ،
Holdings
حالة التراجع حالة الفقد حالة تلف ليس للاعارة المكان المؤقت الموقع الحالى تاريخ الاكتساب اجمالي اﻻعارات رقم الطلب الباركود تاريخ اخر مشاهدة تاريخ تفعيل السعر نوع وعاء كوها
        مكتبة القاهرة الكبرى مكتبة القاهرة الكبرى 03/26/2014   CC\644.7523\R P 28796 03/26/2014 03/26/2014 كتاب
        مكتبة القاهرة الكبرى مكتبة القاهرة الكبرى 03/26/2014   CC\644.7523\R P 28797 03/26/2014 03/26/2014 كتاب

Powered By

EGPV